000 00380nam a2200157Ia 4500
008 240729s9999 xx 000 0 und d
022 _a2352-5878
245 0 _aJPRAS Open
260 _aUnited Kingdom
260 _bElsevier
650 _a Surgery
650 _aMedicine
856 _uhttps://doaj.org/toc/3e45da0d69564718a7c0fcde879c327f
942 _2ddc
942 _cDOAJEJ
999 _c71963
_d71963
945 _a1
_bMadushi Gamage
_c1
_dMadushi Gamage